| 000 | 00676nam a2200229 a 4500 | ||
|---|---|---|---|
| 001 | 64325 | ||
| 003 | BD-RjUL | ||
| 005 | 20211209081307.0 | ||
| 008 | 170213s1966 ii a 001 0 eng | ||
| 035 | _a(BD-RjUL)64455 | ||
| 040 |
_aDLC _cCarP _dBD-RjUL _beng |
||
| 041 | _aeng | ||
| 082 |
_223 _a891.44808 _bDAE 1966 |
||
| 100 | 1 |
_aDas, Sisir Kumar, _d1936-2003. _9190977 |
|
| 245 | 1 | 0 |
_aEarly Bengali prose : Carey to Vidyāsāgar / _cSisir Kumar Das |
| 260 |
_aCalcutta : _bBookalnd, _c1966. |
||
| 300 |
_a256 p. : _c22 cm. |
||
| 500 | _aIncludes index | ||
| 650 | 0 |
_aBengali prose literature _xHistory and criticism. _9190978 |
|
| 942 |
_2ddc _cBK |
||
| 999 |
_c64325 _d64325 |
||